000 00761nam a2200265Ia 4500
003 OSt
005 20221007122553.0
006 a|||||r|||| 00| 0
007 ta
008 221006b |||||||| |||| 00| 0 eng d
020 _a9789814271431 (pbk)
024 _a113575
037 _cTextbook
040 _aPAPL
_cPAPL
_beng
041 _2eng
_aeng
082 _aCg, Q0 Carpa
100 _aYougling Zheng Ed.
_9714588
245 0 _aAsian physics olympiad (Ist-8th):problems and solutions
260 _aNew
_bJersey World Scientific Publishing
_c2010
300 _aviii, 308p.
_ccm.
500 _aAppendices 293-308p.
650 _aPhysics
942 _hCg, Q0 Carpa
_cTB
_2CC
999 _c1210594
_d1210594